MARC

LEADER 00000nam0a2200000 4500
001 220050
005 20231031195320.0
010 |a 5283044475 
020 |a RU  |b 89-64805 
035 |a (RuTPU)RU\TPU\book\240161 
090 |a 220050 
100 |a 20120808d1989 km y0rusy5003 ca 
101 0 |a rus 
102 |a RU 
105 |a a z 001zy 
200 1 |a Заземляющие устройства воздушных линий электропередачи  |f Я. А. Цирель 
210 |a Ленинград  |c Энергоатомиздат  |c Ленингр. отд-ние  |d 1989 
215 |a 160 с.  |c ил. 
320 |a Библиогр.: с. 155-158 (58 назв.). 
610 1 |a электрические линии передачи воздушные 
610 1 |a заземляющие устройства 
610 1 |a грунты 
610 1 |a электрофизические свойства 
610 1 |a опоры 
610 1 |a конструкции 
610 1 |a расчеты 
610 1 |a техническое обслуживание 
610 1 |a электрические характеристики 
675 |a 621.316.99  |z rus 
686 |a 44.29  |2 rugasnti 
686 |a 31.279-04  |2 rubbk 
700 1 |a Цирель  |b Я. А.  |g Яков Аронович  |4 070 
801 0 |a RU  |b RuMRKP  |c 19950417  |g psbo 
801 1 |a RU  |b 63413507  |c 20120808 
801 2 |a RU  |b 63413507  |c 20140325  |g RCR 
942 |c BK